| 000 | 00639nam a22001817a 4500 | ||
|---|---|---|---|
| 999 |
_c183602 _d183602 |
||
| 005 | 20211229151014.0 | ||
| 010 | _aENG-130752 | ||
| 020 |
_a978-93-887-548-04 _c699.00 |
||
| 035 | _aEN-114284 | ||
| 037 | _bDBAD | ||
| 082 | _a791.430233092 | ||
| 100 | _aSagar, Prem | ||
| 245 |
_aAn Epic Life Ramanand Sagar: _cPrem Sagar _bFrom Barsaat to Ramayan |
||
| 260 |
_aChennai _bWestland Publications Private Limited _c2019 |
||
| 270 |
_a1st Floor, A Block, East Wing, Plot No. 40, SP Info City, Dr. MGR Salai, Perungudi, Kandanchavadi _bChennai _e600096 |
||
| 300 |
_a277p _c24cm(hbk) |
||
| 942 |
_2ddc _cEN _h791.430233092 _mSAG |
||